Catálogo
 En Linea

La frontera de la República Dominicana con Haití. (Registro nro. 15224)

Detalles MARC
000 -CABECERA
campo de control de longitud fija 00564nam a2200181 a 4500
001 - NÚMERO DE CONTROL
campo de control 000015672
005 - FECHA Y HORA DE LA ÚLTIMA TRANSACCIÓN
campo de control 20200929164119.0
008 - DATOS DE LONGITUD FIJA--INFORMACIÓN GENERAL
campo de control de longitud fija 100217s1946 dr a 000 0 spa d
040 ## - FUENTE DE LA CATALOGACIÓN
Centro catalogador/agencia de origen DO-SdBNP
Lengua de catalogación spa
Centro/agencia transcriptor BNPHU
082 ## - NÚMERO DE LA CLASIFICACIÓN DECIMAL DEWEY
Número de clasificación xxxx
Número de documento/Ítem F935r
049 ## - FONDOS LOCALES (OCLC)
Fondos de biblioteca BNPD
049 ## - FONDOS LOCALES (OCLC)
Fondos de biblioteca BNPD
245 03 - MENCIÓN DE TÍTULO
Título La frontera de la República Dominicana con Haití.
260 ## - PUBLICACIÓN, DISTRIBUCIÓN, ETC.
Lugar de publicación, distribución, etc. Ciudad Trujillo :
Nombre del editor, distribuidor, etc. La Nación,
Fecha de publicación, distribución, etc. 1946.
300 ## - DESCRIPCIÓN FÍSICA
Extensión 172 p. :
Otras características físicas il. ;
Dimensiones 24 cm.
500 ## - NOTA GENERAL
Nota general Incluye referencias bibliográficas y notas al pie de las páginas
500 ## - NOTA GENERAL
Nota general Incluye notas al pie de las páginas
Existencias
Estado de retiro Estado de pérdida Restricciones de uso No para préstamo Código de colección Localización permanente Ubicación/localización actual Ubicación en estantería Fecha de adquisición Número de inventario Total de préstamos Signatura topográfica completa Código de barras Fecha visto por última vez Número de copia Precio válido a partir de Tipo de ítem Koha Nota pública
        Raros y valiosos General General Depósito 04.08.2011 LF1   xxxx F935r 15672-50 25.06.2020 e. 3 25.06.2020 Préstamo en sala  
        Raros y valiosos General General Depósito 17.08.2011 LF1   xxxx F935r 15672-60 25.06.2020 e. 4 25.06.2020 Préstamo en sala  
        Raros y valiosos General General Depósito 08.07.2013 LF1   xxxx F935r 15672-70 25.06.2020 e. 5 25.06.2020 Préstamo en sala  
      Excluido de préstamo Raros y valiosos Patrimonio Dominicano Patrimonio Dominicano Depósito 17.02.2010 LF1   xxxx F935r 15672-20 25.06.2020   25.06.2020 No se presta Perteneció a la biblioteca personal de Martínez Boog.
      Excluido de préstamo Raros y valiosos Patrimonio Dominicano Patrimonio Dominicano Depósito 09.03.2010 LF1   xxxx F935r 15672-40 25.06.2020 e. 2 25.06.2020 No se presta  

Con tecnología Koha